000 00647nam a2200253Ia 4500
005 20260121153702.0
008 008 260114s9999 xx 000 0 eng d
020 _a9781003052180
037 _aEBOOK
040 _aCRL
040 _beng
040 _cCRL
041 _2eng
041 _aeng
084 _qCRL
100 _aRachel Holmes; Iain Buchanan
_9997839
245 0 _aAdventures in Social Skills: The ‘Finding Kite’ Teacher Resource
260 _bTaylor and Francis
260 _c2021
856 _uhttp://www.taylorfrancis.com/books/9781003052180
942 _cEBOOK
999 _c1564658
_d1564658